Cultura: ¿quién paga? Gestión, infraestructura y audiencias en el modelo chileno de desarrollo cultural

Furkejuvvon:
Bibliográfalaš dieđut
Váldodahkki: Navarro Ceardi, Arturo (autor)
Materiálatiipa: Girji
Giella:espánnjágiella
Almmustuhtton: Santiago, Chile Ril Editores 2006
Fáttát:
Fáddágilkorat: Lasit fáddágilkoriid
Eai fáddágilkorat, Lasit vuosttaš fáddágilkora!

MARC

LEADER 00000nam a2200000 a 4500
001 UCI1809
003 CL-VaPUC
005 20220722132042.0
008 070720e20060000CL |||||||||||||||||spa|d
999 |c 326543  |d 326541 
020 |a 9562845095 
040 |c Pontificia Universidad Católica de Valparaíso 
082 0 4 |a 306.4 NAV 2006  |2 21 
100 |a Navarro Ceardi, Arturo  |e autor  |9 522538 
245 1 0 |a Cultura: ¿quién paga? Gestión, infraestructura y audiencias en el modelo chileno de desarrollo cultural 
260 0 3 |a Santiago, Chile  |b Ril Editores  |c 2006 
300 |a 261 páginas 
583 |a last modification  |c 20070720 00:00:00  |k Rodrigo Vera 
650 0 |a Cultura  |x Acción cultural  |9 269059 
650 0 |a Política cultural  |x Desarrollo cultural  |z Chile  |9 316492 
942 |c BK  |2 ddc 
945 |d 20070720 00:00:00  |a rbrito 
952 |0 0  |1 0  |2 ddc  |4 0  |6 306_400000000000000_NAV_2006  |7 0  |8 A  |9 408468  |a BIBCUR  |b BIBCUR  |d 2019-11-22  |i 4358872  |o 306.4 NAV 2006  |p 4358872  |r 2025-04-22  |t 1  |w 2019-11-22  |y BK  |k PER 
952 |0 0  |1 0  |2 ddc  |4 0  |6 306_400000000000000_NAV_2006  |7 0  |8 X  |9 408469  |a FDOMLP  |b FDOMLP  |d 2019-11-22  |i 4512219  |o 306.4 NAV 2006  |p 4512219  |r 2019-11-22  |t 2  |w 2019-11-22  |y BK_X  |k BU2